| 000 | 00459nam a2200157 i 4500 | ||
|---|---|---|---|
| 001 | 74554 | ||
| 003 | ES-MaACL | ||
| 005 | 20230906172153.0 | ||
| 007 | t| | ||
| 008 | 040920s1969 sp ||||1| spa d | ||
| 100 | 1 |
_aGonzález Lobato, Juan Antonio. _958759 |
|
| 245 | 1 | 0 |
_aEstrella sola _b: narraciones cortas / _cpor Juan Antonio González Lobato. |
| 260 |
_aValencia : _bBello, _c1969. |
||
| 300 |
_a62 p. ; _c22 cm. |
||
| 852 |
_aES-MaACL _jC-38686 _bR.71960 |
||
| 999 |
_c74554 _d74554 |
||